000 00837cam a2200241 4500
001 ABS61997
008 000000n2000 000 0 eng u
035 _a(Sirsi) u104510
100 _aWarrington, R.
245 _aBring chainbreakers to book
260 _c2000
490 _aEstates Gazette
_v0007(19) 19 February 121(1)
520 _aOutlines the options open to the government to combat delay in residential property sales.
590 _aABS
650 _aGAZUMPING
650 _aLOCKOUT AGREEMENT
650 _aMANAGEMENT-DISPUTE AVOIDANCE, MANAGEMENT AND RESOLUTION-DISPUTE MANAGEMENT AND RESOLUTION-ARBITRATION
650 _aHOUSE SALES
650 _aPROPERTY-RESIDENTIAL PROPERTY-ACQUISITION AND DISPOSAL OF RESIDENTIAL PROPERTY
650 _aDELAYS
690 _aPROPERTY AND LAND LAW-RESIDENTIAL
942 _n0
999 _c62709
_d62709